| 000 | 01239nam a22002537a 4500 | ||
|---|---|---|---|
| 005 | 20100326105032.0 | ||
| 008 | 080904s2008 pk 000 0 eng | ||
| 010 | _aB-361794 | ||
| 020 |
_a9780195474770 _c495.00 |
||
| 035 | _aB-361794 | ||
| 037 | _bUppal Book Store | ||
| 040 |
_adpl _bEnglish |
||
| 100 | _aNadeēm, Shāhid | ||
| 240 | _aPlays. | ||
| 245 |
_aSelected plays / _cby Shahid Nadeem ; translators, Tahira Naqvi ... [et al.] ; introduction, Shaista Sonnu Sirajuddin. |
||
| 260 |
_aNew Delhi _bOxford University Press, _c2008. |
||
| 270 |
_aYMCA Library Building, Jai Singh Road, _bNew Delhi _e110001 |
||
| 300 |
_axxxii, 329 p. : _bb&w photos _c23 cm(Hb) |
||
| 505 | _aTesri dastak, The third knock -- Barri, Acquittal -- Aik thee nani, A granny for all seasons -- Kala meda bhes, Black is my robe -- Dukhini, Woman of sorrow -- Bulha -- Burqavaganza. | ||
| 700 | _aTahira Naqvi | ||
| 942 |
_2ddc _cEN _mNAD |
||
| 999 |
_c34861 _d34861 |
||